000 00972cam a2200241 4500
001 WB3702-07
008 000000n2001 000 0 eng u
035 _a(Sirsi) u110250
245 _aBritain on the slide
260 _c2001
490 _aIndependent on Sunday
_v7 January 2001, 8(2)
520 _aThe sharp rise in the number of landslides since October 2000, and the resulting destruction has prompted a call for full geological surveys on major planning applications. A map based on the British Geological Survey's national landslide database highlights problem parts of the country, with the south coast being particularly vulnerable. Map.
590 _aWB
650 _aLANDSLIDES
650 _aLANDSLIPS
650 _aCOASTAL EROSION
650 _aPLANNING APPLICATIONS
650 _aGEOLOGICAL SURVEYS
650 _aBRITISH GEOLOGICAL SURVEY
650 _aSOUTH COAST OF ENGLAND
690 _aENVIRONMENTAL AND LAND CONSULTANCY
942 _n0
999 _c65745
_d65745